Možnosti získavania dodatočnej energie v dopravnej technike

Enregistré dans:
Détails bibliographiques
Auteur principal: Minárik, Matej (Auteur)
Autres auteurs: Chríbik, Andrej (Directeur de thèse)
Format: Manuscrit Livre
Langue:slovaque
Publié: 2016
Sujets:
Accès en ligne:http://is.stuba.sk/zp/portal_zp.pl?podrobnosti=132937
Tags: Ajouter un tag
Pas de tags, Soyez le premier à ajouter un tag!

MARC

LEADER 00000ntm a22000003a 4500
001 stuzp56851
003 SK-STU
005 20160719155113.2
007 ta
008 150427s2015----xo-----f-mn---000-0-slo-d
040 |a STU  |b slo 
041 0 |a slo 
100 1 |a Minárik, Matej  |u 020030  |4 aut  |U SjF Strojnícka fakulta  |T SjF Ústav dopravnej techniky a konštruovania  |X 63061  |U J0030  |Y 806  |7 63061 
242 0 1 |a Acquistion of additional energy in transportation technology  |y eng 
245 1 0 |a Možnosti získavania dodatočnej energie v dopravnej technike 
260 |c 2016 
650 4 |a rekuperácia  |2 slo 
650 4 |a solárne cesty  |2 slo 
650 4 |a výkonová turbína  |2 slo 
650 4 |a turbocompound  |2 slo 
650 4 |a exhaust turbine  |2 eng 
650 4 |a solar roadways  |2 eng 
650 4 |a turbocompound  |2 eng 
650 4 |a energy regeneration  |2 eng 
700 1 |a Chríbik, Andrej  |u 020030  |k Z1  |4 ths  |U SjF Strojnícka fakulta  |T SjF Ústav dopravnej techniky a konštruovania  |X 26808  |U J0030  |Y 806  |7 A000026808 
856 4 |u http://is.stuba.sk/zp/portal_zp.pl?podrobnosti=132937 
996 |b 284J044926  |c J* 2556/BP  |l JJSK  |s A  |a 24  |w stuzp56851_0001 
SQL |a stuzp56851  |b DBP  |c SLO  |d Možnosti získavania dodatočnej energie v dopravnej technike  |e 63061  |f Minárik, Matej  |g 020030  |h 26808  |i Chríbik, Andrej  |j 20160614  |k 1125  |l 02  |m http://is.stuba.sk/zp/portal_zp.pl?podrobnosti=132937  |n B-AMPS  |o 5.2.3. dopravné stroje a zariadenia